| 000 | 00667nam a22002177a 4500 | ||
|---|---|---|---|
| 999 |
_c15307 _d15307 |
||
| 003 | AR-CdUCM | ||
| 008 | 190426b ||||| |||| 00| 0 spa d | ||
| 020 | _a978-84-9825-772-4 | ||
| 040 |
_aMUNICIPALIDAD PROVINCIAL DEL CUSCO _cBIBLIOTECA MUNICIPAL DEL CUSCO |
||
| 082 |
_aPI / 376.1 / _bF62 |
||
| 100 |
_aFletcher, Corina _932667 |
||
| 245 | _a!Un libro pop-up y una estera para jugar! la granja / | ||
| 260 |
_aBarcelona : _bCombel, _c2013. |
||
| 300 |
_c22 cm. _bJuego en 3 D |
||
| 650 |
_aAprendizaje _92143 |
||
| 650 |
_aInfantil _96210 |
||
| 650 |
_aJuego _933628 |
||
| 700 |
_aTeckentrup, Britta _934348 |
||
| 942 |
_2ddc _cLIBROS |
||
| 945 |
_arah _d26/04/2019 |
||